Hidayat Bara-E-Catechumens. (Record no. 1404)

MARC details
000 -LEADER
fixed length control field 00603nam a2200241 a 4500
020 ## - INTERNATIONAL STANDARD BOOK NUMBER
ISBN
082 00 - DEWEY DECIMAL CLASSIFICATION NUMBER
Classification number 232.903
Author Cutter GAI
100 ## - MAIN ENTRY--AUTHOR NAME
Author name Gairdner, W H T
245 ## - TITLE STATEMENT
Title Hidayat Bara-E-Catechumens.
260 ## - PUBLICATION, DISTRIBUTION, ETC. (IMPRINT)
Place of publication Lahore
Name of publisher Punjab Religious Booksociety
Year of publication 1935
300 ## - PHYSICAL DESCRIPTION
Number of Pages 224p
500 ## - GENERAL NOTE
General note includes index and biblioraphy
505 2# - FORMATTED CONTENTS NOTE
Formatted contents note reference
650 ## - SUBJECT ADDED ENTRY--TOPICAL TERM
Topical Term Jesus Christ-Person and Work
942 ## - ADDED ENTRY ELEMENTS (KOHA)
Koha item type Books
700 1# -
-- Gairdner, W H T
Holdings
Home library Current library Date acquired Cost, normal purchase price Full call number Accession Number Koha item type
Henry Martyn Institute Library Henry Martyn Institute Library 03/21/2016 100.00 232.903 GAI 4836 Archive Book
Henry Martyn Institute Library Henry Martyn Institute Library 03/21/2016 100.00 232.903 GAI 6485 Archive Book
Henry Martyn Institute Library Henry Martyn Institute Library 03/21/2016 100.00 232.903 GAI 10864 Archive Book
Henry Martyn Institute Library Henry Martyn Institute Library 03/21/2016 100.00 232.903 GAI 10865 Archive Book
                   Copyright © 2026 | Henry Martyn Institute | Hyderabad | TS-500052 | INDIA | Implemented by hmi.edu.in
Hit-Count:

Powered by Koha